| 000 | 00660cam a22002293a 4500 | ||
|---|---|---|---|
| 001 | 575 | ||
| 003 | PGUSA | ||
| 005 | 20140828082950.0 | ||
| 008 | 960601s1996||||xxu|||||s|||||000 e eng d | ||
| 040 |
_aPGUSA _beng |
||
| 042 | _adc | ||
| 050 | 4 | _aPR | |
| 100 | 1 |
_aBacon, Francis, _d1561-1626 |
|
| 245 | 1 | 4 |
_aThe Essays or Counsels, Civil and Moral _h[electronic resource] / _cFrancis Bacon |
| 260 |
_bProject Gutenberg, _c1996 |
||
| 506 | _aPublic domain in the USA. | ||
| 516 | _aElectronic text | ||
| 653 | _aEnglish essays -- Early modern, 1500-1700 | ||
| 830 | 0 |
_aProject Gutenberg _v575 |
|
| 856 | 4 | 0 | _uhttp://www.gutenberg.org/ebooks/575 |
| 942 | _cEB | ||
| 999 |
_c229926 _d229926 |
||